|
|
|
|
| LEADER |
01514nam a22003737a 4500 |
| 001 |
36214 |
| 003 |
BD-DhAAL |
| 005 |
20211130114212.0 |
| 008 |
190924t2011 xx |||| ||| | eng d |
| 999 |
|
|
|c 41407
|d 41407
|
| 020 |
|
|
|a 9789282011720
|
| 020 |
|
|
|a 9282011720
|
| 040 |
|
|
|a BD-DhAAL
|
| 082 |
|
|
|a 374
|2 19
|
| 245 |
|
|
|a Conceptual evolution and policy developments in lifelong learning /
|c edited by Jin Yang and Raul Valdes-Cotera
|
| 260 |
|
|
|a Hamburg, Germany :
|b UNESCO Institute for Lifelong Learning (UIL),
|c c2011.
|
| 300 |
|
|
|a xviii, 264 pages :
|b illustrations ;
|c 24 cm
|
| 500 |
|
|
|a Educational level discussed: Adult Education.
|
| 504 |
|
|
|a Includes bibliographical references.
|
| 526 |
|
|
|a BIED
|
| 541 |
|
|
|a Complimentary copy from BIED
|e 36214
|
| 650 |
|
|
|a Adult Education.
|9 35250
|
| 650 |
|
|
|a Lifelong Learning.
|9 35251
|
| 650 |
|
|
|a Manufacturing Industry.
|9 35252
|
| 650 |
|
|
|a Distance Education.
|9 35253
|
| 650 |
|
|
|a Educational Development.
|9 35254
|
| 650 |
|
|
|a Rural Development.
|9 35255
|
| 650 |
|
|
|a Agricultural Occupations.
|9 35256
|
| 700 |
|
|
|a Yang, Jin
|9 35257
|
| 700 |
|
|
|a Valdes-Cotera, Raul
|9 35258
|
| 710 |
|
|
|a UNESCO Institute for Lifelong Learning (UIL) (Germany).
|9 35259
|
| 852 |
|
|
|a Ayesha Abed Library
|c BIED Collection
|
| 942 |
|
|
|2 ddc
|c BK
|
| 952 |
|
|
|0 0
|1 0
|2 ddc
|4 0
|6 374_000000000000000_CON
|7 0
|9 66506
|a BRACUL
|b BRACUL
|c GEN
|d 2019-09-24
|e Complimentary copy from BIED
|l 0
|o 374 CON
|p 3010036214
|r 2019-09-24
|t 1
|w 2019-09-24
|y BK
|x Transferred from BIED to General Stacks
|